00419nam a22001457a 450000500170000000800410001702200130005804100120007108200130008310000120009624500350010826000740014330000310021765000250024820240903060446.0240903b |||||||| |||| 00| 0 eng d a10246991 aEnglish a349 NAM  lEnglish aThe Namibian Law Reports 1991  aWindhoek: bLegal Assistance Centre and Juta and Company Ltd, c1991  bxliv, 463 pages; c26 cm.  aLegal practice bLaw